Interrelationships of the Platyhelminthes (Record no. 218757)

MARC details
000 -LEADER
fixed length control field 00685nam a2200217Ia 4500
008 - FIXED-LENGTH DATA ELEMENTS--GENERAL INFORMATION
fixed length control field 191130s2001##################000#0#eng##
020 ## - INTERNATIONAL STANDARD BOOK NUMBER
ISBN 9780748409037
082 ## - DEWEY DECIMAL CLASSIFICATION NUMBER
Classification number 592.4 LIT
245 ## - TITLE STATEMENT
Title Interrelationships of the Platyhelminthes
Statement of responsibility, etc edited by D.T.J. Littlewood, R.A. Bray
260 ## - PUBLICATION, DISTRIBUTION, ETC. (IMPRINT)
Place of publication London
Name of publisher Taylor & Francis
Year of publication 2001
300 ## - PHYSICAL DESCRIPTION
Number of Pages xii, 356 p. : ill. ; 29 cm
500 ## - GENERAL NOTE
General note Includes bibliographical references (p. 302-342) and index
650 ## - SUBJECT ADDED ENTRY--TOPICAL TERM
Topical Term Platyhelminthes - Phylogeny
700 ## - ADDED ENTRY--PERSONAL NAME
Personal name Bray, Rodney Alan
Personal name Littlewood, D. T. J
991 ## -
-- 198678
Holdings
Withdrawn status Lost status Damaged status Not for loan Home library Current library Shelving location Date acquired Full call number Accession Number Price effective from Koha item type
        Anna Centenary Library Anna Centenary Library 5TH FLOOR, B WING 13.10.2020 592.4 LIT 258600 13.10.2020 English Books

Find us on the map